000 00506 a2200145 4500
001 ART_7167
005 20260410161700.0
008 260409a
245 1 0 _aDiversificación productiva, geográfica y por deudores y su efecto sobre la calidad de la cartera crediticia en Argentina
100 1 _aBebczuk, Ricardo
700 1 _aAnastasi, Alejandra
700 1 _aElosegui, Pedro
700 1 _aSangiácomo, Máximo
773 0 _tEnsayos Económicos
_g- Nº 56 (oct./dic. 2009)
_wREV620
999 _c15061
_d15061